[Event "Saint Louis Invitational-B 2019"]
[Site "Saint Louis"]
[Date "2019.11.25"]
[Round "8.3"]
[White "Torres Rosas, Luis Carlos"]
[Black "Grabinsky, Aaron"]
[Result "1/2-1/2"]
[WhiteElo "2360"]
[BlackElo "2338"]
[PlyCount "87"]
[EventDate "2019.11.21"]
[EventType "tourn"]
[EventCountry "USA"]

{[%evp 13,87,16,8,0,41,43,44,50,37,24,41,-16,5,5,9,5,35,-13,-8,-26,32,32,31,35,32,23,23,26,27,0,5,0,0,-21,-6,-41,-25,-39,-29,-29,-29,-20,-20,-30,-10,-39,0,-57,0,-24,-14,-73,-70,-76,-73,-72,-18,-42,-12,-75,-94,-93,-36,-51,0,0,0,0,0,0,0,0,5,0,63,0]} 1. d4 e6 2. Nf3 b6 3. c4 Nf6 4. Bf4 Bb7 5. e3 Be7 6. Nc3 Nh5 7. Bg3 d6 8. d5 {E12: Queen's Indian: Unusual White 4th moves, 4 a3, 4 Nc3 Bb7 5 a3 and 4 Nc3 Bb7} e5 9. Nd2 g6 10. Be2 Ng7 11. Qc2 $146 ({Predecessor:} 11. b4 O-O 12. Nb3 Nd7 13. f3 Bh4 14. Bxh4 Qxh4+ 15. g3 Qe7 {1-0 (44) Ponomariov,R (2687)-Michalik,P (2549) Czech Republic 2018}) 11... Nf5 12. Nde4 (12. Bg4 $14) 12... Nd7 13. O-O-O a5 14. Kb1 O-O 15. Bd3 (15. h4 $5) 15... Bc8 16. Qe2 Ng7 (16... Nxg3 $11 17. hxg3 f5) 17. f3 $14 f5 18. Nd2 $1 Nc5 19. Bc2 Bf6 20. e4 Bh4 21. Bxh4 Qxh4 22. g3 Qe7 23. Nf1 Bd7 24. b3 Rf7 25. Ne3 Raf8 26. Rdf1 fxe4 27. fxe4 Bh3 28. Rxf7 Qxf7 29. Ncd1 h5 30. Rg1 ({White should try} 30. a3 $11) 30... Kh7 (30... Ne8 $15) 31. Kc1 Ne8 32. Kd2 (32. a3 $11) 32... Nf6 $17 33. Nf2 Bd7 34. Rf1 Qg7 (34... Qe8 $17) 35. Kc3 $11 c6 36. a3 (36. Kb2 $11 {keeps the balance.}) 36... cxd5 $17 37. cxd5 Qh6 ({Better is} 37... Bc8 $17 {...Ba6 is the strong threat.} 38. Rg1 b5 $1 {[%mdl 512]}) 38. Kb2 {[#]} Bc8 ({Black should play} 38... Bb5 $1 $15 {[%mdl 512]} 39. Nc4 (39. Qxb5 Qxe3) 39... Nfd7) 39. b4 $11 Ba6 40. Nc4 {[%mdl 64] Double Attack} Ncd7 41. Bd3 Bxc4 42. Bxc4 axb4 43. axb4 Kg7 (43... h4 $11) 44. Bb5 {Accuracy: White = 41%, Black = 44%.} (44. h4 $14) 1/2-1/2

[Event "Saint Louis Invitational-B 2019"]
[Site "Saint Louis"]
[Date "2019.11.25"]
[Round "8.4"]
[White "Stearman, Josiah"]
[Black "Arias, Mauricio"]
[Result "0-1"]
[WhiteElo "2341"]
[BlackElo "2292"]
[Annotator "TA"]
[PlyCount "62"]
[EventDate "2019.11.21"]
[EventType "tourn"]
[EventCountry "USA"]
[SourceTitle "playchess.com"]
[Source "ChessBase"]
[SourceQuality "1"]

{[%evp 15,62,0,25,0,17,0,0,-26,0,7,5,-37,-25,-18,-26,-100,-92,-124,-103,-142,-116,-125,-95,-101,-101,-257,-248,-250,-239,-273,-279,-270,-267,-235,-231,-334,-364,-866,-829,-959,-901,-29993,-29994,-29995,-29996,-29996,-29997,-29997,-29998]} 1. e4 e5 2. Nf3 Nf6 3. Nxe5 d6 4. Nf3 Nxe4 5. d4 d5 6. Bd3 Be7 7. O-O O-O 8. h3 Nc6 9. c3 {C42: Petroff Defence: 3 Nxe5 and unusual White 3rd moves} (9. c4 Nb4 10. Be2 dxc4 11. Bxc4 Nf6 12. Nc3 c6 13. Bf4 Nbd5 14. Be5 Be6 15. Bb3 h6 16. Re1 Re8 17. Rc1 Rc8 18. Rc2 Bb4 19. Nd2 Nb6 20. Rc1 Bxb3 21. Qxb3 {0-1 (37) Fernandes,A (2478)-Rizouk,A (2499) Santo Antonio 2003}) 9... Bf5 10. Bf4 Re8 11. Qb3 $146 {[#]The position is equal.} ({Predecessor:} 11. Qc2 Qd7 12. Nbd2 Nxd2 13. Qxd2 Bxd3 14. Qxd3 h6 15. Rfe1 Bd6 16. Bxd6 Qxd6 {1-0 (51) Soldado Pastor,L (1829)-Castaneda Munoz,A (1916) Llinars del Valles 2015}) 11... Nc5 $1 {[%mdl 512]} 12. dxc5 Bxd3 13. Qxb7 Bxf1 14. Qxc6 Bd3 15. Bxc7 (15. Nbd2 $11) 15... Qc8 $1 $17 {White must now prevent ...Bf5.} 16. Nbd2 Ba6 {And now ...Bb7 would win.} 17. Ne5 Bf6 18. Ng4 Re6 19. Qxd5 Bb7 20. c6 $2 (20. Nxf6+ $17 gxf6 21. c6 Bxc6 22. Qa5) 20... Bxc6 $19 21. Qa5 Qb7 22. Nb3 Bxg2 23. Nc5 {[#]} Qf3 $1 {[%mdl 512]} 24. Nxe6 Qxh3 $40 {[%csl Gg2][%cal Rh3h1][%mdl 128] Black is out for blood.} ({Inferior is} 24... fxe6 25. Qh5 $11) 25. Nxf6+ (25. Nh2 $142 fxe6 26. Qb4) 25... gxf6 {[%csl Gg2][%cal Rh3h1]} 26. Bh2 $2 (26. f3 fxe6 27. Qb5) 26... fxe6 27. Qc7 {[#]} e5 $1 {( -> ...Bd5)} 28. Rd1 Bf3 {[%csl Gf3][%cal Rh3g2] Black mates.} 29. Rd8+ Rxd8 {[%mdl 64] Overworked Piece} 30. Qxd8+ Kf7 {[%csl Gf3][%cal Rh3g2]} 31. Qc7+ Kg6 {Accuracy: White = 12%, Black = 89%.} 0-1

[Event "Saint Louis Invitational-B 2019"]
[Site "Saint Louis"]
[Date "2019.11.25"]
[Round "8.4"]
[White "Stearman, Josiah"]
[Black "Arias Santana, Mauricio"]
[Result "0-1"]
[WhiteElo "2341"]
[BlackElo "2292"]
[Annotator "TA"]
[PlyCount "62"]
[EventDate "2019.11.21"]
[EventType "tourn"]
[EventCountry "USA"]
[SourceTitle "playchess.com"]
[Source "ChessBase"]
[SourceQuality "1"]

{[%evp 15,62,34,21,-8,0,0,0,-15,6,6,11,-37,-36,-31,-22,-98,-105,-123,-97,-191,-154,-160,-165,-162,-127,-218,-218,-202,-209,-268,-253,-248,-247,-247,-237,-328,-346,-831,-777,-922,-889,-29993,-29994,-29995,-29996,-29996,-29997,-29997,-29998]} 1. e4 e5 2. Nf3 Nf6 3. Nxe5 d6 4. Nf3 Nxe4 5. d4 d5 6. Bd3 Be7 7. O-O O-O 8. h3 Nc6 9. c3 {C42: Petroff Defence: 3 Nxe5 and unusual White 3rd moves} (9. c4 Nb4 10. Be2 dxc4 11. Bxc4 Nf6 12. Nc3 c6 13. Bf4 Nbd5 14. Be5 Be6 15. Bb3 h6 16. Re1 Re8 17. Rc1 Rc8 18. Rc2 Bb4 19. Nd2 Nb6 20. Rc1 Bxb3 21. Qxb3 {0-1 (37) Fernandes,A (2478)-Rizouk,A (2499) Santo Antonio 2003}) 9... Bf5 10. Bf4 Re8 11. Qb3 $146 {The position is equal.} ({Predecessor:} 11. Qc2 Qd7 12. Nbd2 Nxd2 13. Qxd2 Bxd3 14. Qxd3 h6 15. Rfe1 Bd6 16. Bxd6 Qxd6 {1-0 (51) Soldado Pastor,L (1829)-Castaneda Munoz,A (1916) Llinars del Valles 2015}) 11... Nc5 (11... Bd6 {seems wilder.} 12. Bxd6 Qxd6 13. Qc2 Qh6 14. Nbd2 Re6) 12. dxc5 Bxd3 13. Qxb7 Bxf1 14. Qxc6 Bd3 15. Bxc7 (15. Nbd2 $11) 15... Qc8 $1 $17 {aiming for ...Bf5.} 16. Nbd2 Ba6 {White must now prevent ...Bb7.} 17. Ne5 (17. Qa4 $17) 17... Bf6 $19 18. Ng4 Re6 19. Qxd5 Bb7 20. c6 (20. Nxf6+ $17 gxf6 21. c6 Bxc6 22. Qa5) 20... Bxc6 21. Qa5 Qb7 $1 {[%csl LRb2,LRg2]} 22. Nb3 Bxg2 23. Nc5 {[#]} Qf3 $1 {[%mdl 512]} 24. Nxe6 Qxh3 $40 {[%csl Gg2][%cal Rh3h1][%mdl 128] Black is out for blood.} ({Not} 24... fxe6 25. Qh5 $11) 25. Nxf6+ gxf6 {[%csl Gg2][%cal Rh3h1]} 26. Bh2 $2 (26. f3 fxe6 27. Qb5) 26... fxe6 27. Qc7 {[#]} e5 $1 {( -> ...Bd5)} 28. Rd1 Bf3 {[%csl Gf3][%cal Rh3g2] Black mates.} 29. Rd8+ Rxd8 {[%mdl 64] Overworked Piece} 30. Qxd8+ Kf7 {[%csl Gf3][%cal Rh3g2]} 31. Qc7+ Kg6 {Accuracy: White = 29%, Black = 88%.} 0-1

[Event "Saint Louis Invitational-B 2019"]
[Site "Saint Louis"]
[Date "2019.11.25"]
[Round "8.5"]
[White "Polgar-Shutzman, Tom"]
[Black "Gauri, Shankar"]
[Result "0-1"]
[WhiteElo "2234"]
[BlackElo "2340"]
[Annotator "TA"]
[PlyCount "72"]
[EventDate "2019.11.21"]
[EventType "tourn"]
[EventCountry "USA"]
[SourceTitle "playchess.com"]
[Source "ChessBase"]
[SourceQuality "1"]

{[%evp 19,72,19,19,19,27,17,20,16,51,45,42,11,18,22,19,0,0,0,0,-12,-12,-27,0,0,0,0,0,0,18,0,0,-6,-2,-10,0,0,0,-10,0,-9,-3,-17,-10,-145,-30,-30,-31,-64,-11,-12844,-12842,-29992,-29993,-29993,-29994]} 1. Nf3 d5 2. g3 g6 3. Bg2 Bg7 4. d4 Nf6 5. O-O O-O 6. c4 dxc4 7. Na3 {[%cal Bb1a3,Ba3c4,Bc4e5][%mdl 32]} c3 8. bxc3 c5 9. Ne5 Nc6 10. Nxc6 bxc6 11. Nc4 {D77: Fianchetto Grünfeld: 6 0-0: Replies other than 6...c6} Nd5 12. Bd2 Ba6 13. Ne5 $1 {[%cal Re5c6] The position is equal.} Bxe5 (13... Qc7 14. Re1 Bxe5 15. dxe5 Qxe5 16. Qc1 Rfd8 17. Qa3 Bb5 {1-0 (54) Vitiugov,N (2721)-Najer,E (2681) Sochi 2016}) 14. dxe5 Qc7 15. f4 $146 ({Predecessor:} 15. Qa4 Bxe2 16. Rfe1 Bd3 17. Qh4 c4 18. Be4 Rab8 19. Bg5 Rfe8 20. Bxd5 cxd5 21. Re3 {½-½ (21) Stupak,K (2458)-Can,E (2460) Herceg Novi 2008}) 15... Rfd8 16. Qe1 Rab8 17. Rf2 Nb6 18. e4 Nc4 19. Bf1 Nxd2 20. Bxa6 Qa5 21. Rxd2 Qxa6 22. Rad1 Rxd2 23. Qxd2 $11 {[%mdl 4096] Endgame KQR-KQR} Qc4 24. Qc2 Qe6 25. Rd2 Kg7 26. Qd3 a5 27. Kg2 h5 28. h4 a4 29. Rf2 a3 30. c4 Rb4 31. f5 (31. Rc2 $11) 31... Qxc4 (31... Qxe5 $17 {Threatens to win with ...f6.} 32. fxg6 f6) 32. f6+ exf6 33. exf6+ {[#]} Kh7 $1 34. Qd7 $2 {[%mdl 8192]} (34. Qxc4 $11 Rxc4 35. Kf3) 34... Rb2 $19 35. Qe8 Qxa2 36. Rxb2 axb2 {Accuracy: White = 38%, Black = 74%.} 0-1

[Event "Saint Louis Invitational-B 2019"]
[Site "Saint Louis"]
[Date "2019.11.26"]
[Round "9.1"]
[White "Gauri, Shankar"]
[Black "Proleiko, Julian"]
[Result "1-0"]
[WhiteElo "2340"]
[BlackElo "2170"]
[Annotator "TA"]
[PlyCount "131"]
[EventDate "2019.11.21"]
[EventType "tourn"]
[EventCountry "USA"]
[SourceTitle "playchess.com"]
[Source "ChessBase"]
[SourceQuality "1"]

{[%evp 19,131,30,47,7,26,28,66,54,68,62,75,53,55,55,48,48,91,60,64,39,95,55,76,74,59,14,17,0,0,0,0,-45,-43,-43,-39,-65,-54,-60,-45,-107,0,-2,-2,-2,149,-118,0,-100,-28,-33,-39,-31,-32,-113,-146,-122,-101,-102,0,0,422,420,427,406,422,414,416,411,417,413,416,393,363,293,466,475,472,458,677,657,660,658,657,647,606,585,568,548,453,250,572,566,555,551,1327,453,29957,29955,29968,29969,29968,29970,29969,29970,29971,29973,29973,29973,29974,29975,29974,29975,29974,29975]} 1. Nf3 g6 2. e4 d6 3. d4 Nf6 4. Bd3 Bg7 5. O-O O-O 6. Re1 Nbd7 7. c3 e5 8. Bg5 h6 9. Bh4 Qe8 10. Nbd2 Nh5 11. Bf1 {B07: Pirc Defence: Miscellaneous Systems} (11. Nc4 Bf6 12. Ne3 Bxh4 13. Nxh4 Nf4 14. Bf1 Nf6 15. Qc2 Qe7 16. Nf3 Ng4 17. Nxg4 Bxg4 18. Nd2 Rae8 {0-1 (28) So,W (2815)-Giri,A (2785) chess.com INT 2017}) 11... g5 12. Bg3 Nf4 $146 ({Predecessor:} 12... Nxg3 13. hxg3 Nb6 14. dxe5 dxe5 15. Nh2 Be6 16. Be2 Rd8 17. Qc2 f5 18. exf5 Bxf5 {1-0 (50) Tomashevsky,E (2444)-McPhillips,K (2187) Chalkidiki 2003}) 13. Nc4 {White is slightly better.} Qe7 14. Ne3 Nf6 15. Qc2 Re8 16. dxe5 dxe5 17. Rad1 Qc5 18. a4 a5 19. Nd2 Ng4 (19... N4h5 $14) 20. Nf5 Be6 21. h3 Nf6 22. b3 Rad8 23. Nc4 Bxf5 24. exf5 e4 25. Ne3 Rxd1 26. Rxd1 N4d5 $1 {[%cal Rd5e3]} 27. Nxd5 Nxd5 28. Bc4 c6 29. Bh2 (29. Bxd5 $1 $15 cxd5 30. Qd2) 29... Nxc3 ({Black should try} 29... b6 $17 {Black wants to play ...e3.} 30. Bg3 Bxc3) 30. Rd7 $11 Nd5 {Threatens to win with ...e3.} 31. Bg3 Bd4 $2 (31... Qd4 $11) 32. Kh2 $2 {[%mdl 8192]} (32. Bd6 $1 $16 {[%cal Rd6c5] is forced if you want to stay better.} Qb6 33. Qe2 $1 {[%mdl 512]}) 32... Be5 (32... Re7 $17 33. Rd8+ Kg7) 33. Qe2 (33. Bxe5 $11 {remains equal.} Rxe5 34. Qb2) 33... Bxg3+ (33... Re7 $17 34. Rd8+ Kg7 35. Bxd5 cxd5) 34. fxg3 Re7 35. Rd8+ Kg7 36. Qb2+ ({Better is} 36. Bxd5 $1 $15 cxd5 37. h4) 36... Nf6 $1 $17 37. Rg8+ Kxg8 38. Qxf6 {[%mdl 4096] Endgame KQR-KQB} Qe5 (38... b5 $17 39. Qg6+ Kf8 40. Qxh6+ Ke8) 39. Qg6+ $1 $11 Qg7 $2 {[%mdl 8192] [#]} (39... Kf8 $1 $11 {and Black has nothing to worry.} 40. Qxh6+ Qg7) 40. f6 $1 $18 {[%csl Gf6][%cal Rg6g7][%mdl 512]} Qxg6 41. fxe7 Qf5 42. e8=Q+ Kg7 43. Qd8 h5 44. Qd4+ Kh7 45. Kg1 Kg6 46. Be2 h4 {[#]} (46... g4 {might work better.} 47. h4 Qd5) 47. Bh5+ $1 {[%mdl 512]} Kh7 (47... Kxh5 48. g4+) 48. Qf2 Qxf2+ (48... Qe6 $142 49. Bxf7 Qd6 50. gxh4 Qd1+ 51. Kh2 Qd6+ 52. Qg3 Qe7) 49. Kxf2 hxg3+ 50. Kxg3 {KB-KP} f5 51. Be8 Kg7 52. Bd7 Kf6 {and the idea ...Ke5 leaves Black hopeful.} 53. Bc8 b5 54. Kf2 (54. h4 $142 bxa4 55. bxa4) 54... Ke5 $2 (54... bxa4 {is tougher.} 55. bxa4 c5) 55. axb5 cxb5 {Strongly threatening ...a4.} 56. Bd7 b4 {[#] If Black can now play ...f4 this consolidates a bit.} 57. g3 $1 Kf6 (57... f4 $18) 58. h4 {White mates.} gxh4 59. gxh4 f4 60. Bc6 Kf5 61. Ke2 a4 62. Bxa4 Kg4 63. Bc6 e3 64. Bb5 Kxh4 65. Kf3 Kg5 66. Bd3 {Accuracy: White = 54%, Black = 42%.} 1-0

[Event "Saint Louis Invitational-B 2019"]
[Site "Saint Louis"]
[Date "2019.11.26"]
[Round "9.1"]
[White "Shankar, Gauri"]
[Black "Proleiko, Julian"]
[Result "1-0"]
[WhiteElo "2340"]
[BlackElo "2170"]
[Annotator "RC"]
[PlyCount "131"]
[EventDate "2019.11.21"]
[EventType "tourn"]
[EventCountry "USA"]
[SourceTitle "playchess.com"]
[Source "ChessBase"]
[SourceQuality "1"]
[TimeControl "5400+30"]

1. Nf3 {[%emt 0:02:38]} g6 {[%emt 0:00:00]} 2. e4 {[%emt 0:03:17]} d6 {[%emt 0:00:00]} 3. d4 {[%emt 0:00:24]} Nf6 {[%emt 0:00:00]} 4. Bd3 {[%emt 0:03:17]} Bg7 {[%emt 0:00:32]} 5. O-O {[%emt 0:02:19]} O-O {[%emt 0:00:09]} 6. Re1 {[%emt 0:03:45]} Nbd7 {[%emt 0:04:18]} 7. c3 {[%emt 0:06:54]} e5 {[%emt 0:00:11]} 8. Bg5 {[%emt 0:02:13]} h6 {[%emt 0:00:14]} 9. Bh4 {[%emt 0:00:03]} Qe8 {[%emt 0:01:16]} 10. Nbd2 {[%emt 0:01:35]} Nh5 {[%emt 0:00:23]} 11. Bf1 {[%emt 0:01:31]} g5 {[%emt 0:06:21]} 12. Bg3 {[%emt 0:01:50]} Nf4 {[%emt 0:04:30]} 13. Nc4 {[%emt 0:03:44]} Qe7 {[%emt 0:01:38]} 14. Ne3 {[%emt 0:07:10]} Nf6 {[%emt 0:01:43]} 15. Qc2 {[%emt 0:08:42]} Re8 {[%emt 0:01:57]} 16. dxe5 {[%emt 0:07:04]} dxe5 {[%emt 0:00:08]} 17. Rad1 {[%emt 0:00:50]} Qc5 {[%emt 0:00:56]} 18. a4 {[%emt 0:08:12]} a5 {[%emt 0:01:58]} 19. Nd2 {[%emt 0:11:08]} Ng4 {[%emt 0:04:44]} 20. Nf5 {[%emt 0:02:05]} Be6 {[%emt 0:09:55]} 21. h3 {[%emt 0:02:03]} Nf6 {[%emt 0:00:17]} 22. b3 {[%emt 0:01:58]} Rad8 {[%emt 0:05:49]} 23. Nc4 {[%emt 0:03:31]} Bxf5 {[%emt 0:02:54]} 24. exf5 {[%emt 0:00:02]} e4 {[%emt 0:01:03]} 25. Ne3 {[%emt 0:01:40]} Rxd1 {[%emt 0:00:56]} 26. Rxd1 {[%emt 0:00:31]} N4d5 {[%emt 0:03:15]} 27. Nxd5 {[%emt 0:04:22]} Nxd5 {[%emt 0:00:01]} 28. Bc4 {[%emt 0:00:19]} c6 {[%emt 0:00:43]} 29. Bh2 {[%emt 0:06:57]} Nxc3 {[%emt 0:07:15]} 30. Rd7 {[%emt 0:00:43]} Nd5 {[%emt 0:00:10]} 31. Bg3 {[%emt 0:02:41]} Bd4 {[%emt 0:02:31]} 32. Kh2 {[%emt 0:00:59]} Be5 {[%emt 0:02:48]} 33. Qe2 {[%emt 0:00:06]} Bxg3+ {[%emt 0:00:26]} 34. fxg3 {[%emt 0:00:01]} Re7 {[%emt 0:00:36]} 35. Rd8+ {[%emt 0:00:28]} Kg7 {[%emt 0:00:26]} 36. Qb2+ {[%emt 0:00:44]} Nf6 {[%emt 0:00:23]} 37. Rg8+ {[%emt 0:01:51]} Kxg8 {[%emt 0:00:13]} 38. Qxf6 {[%emt 0:00:02]} Qe5 {[%emt 0:01:33]} 39. Qg6+ {[%emt 0:00:08]} Qg7 {[%emt 0:00:22]} 40. f6 {[%emt 0:00:22]} Qxg6 {[%emt 0:00:46]} 41. fxe7 {[%emt 0:00:01]} Qf5 {[%emt 0:01:00]} 42. e8=Q+ {[%emt 0:00:07]} Kg7 {[%emt 0:00:04]} 43. Qd8 {[%emt 0:01:16]} h5 {[%emt 0:00:33]} 44. Qd4+ {[%emt 0:00:12]} Kh7 {[%emt 0:00:34]} 45. Kg1 {[%emt 0:00:36]} Kg6 {[%emt 0:04:40]} 46. Be2 {[%emt 0:00:05]} h4 {[%emt 0:01:25]} 47. Bh5+ {[%emt 0:00:57]} Kh7 {[%emt 0:00:25]} 48. Qf2 {[%emt 0:00:05]} Qxf2+ {[%emt 0:00:19]} 49. Kxf2 {[%emt 0:00:02]} hxg3+ {[%emt 0:01:00]} 50. Kxg3 {[%emt 0:00:01]} f5 {[%emt 0:00:07]} 51. Be8 {[%emt 0:00:24]} Kg7 {[%emt 0:00:25]} 52. Bd7 {[%emt 0:00:51]} Kf6 {[%emt 0:00:05]} 53. Bc8 {[%emt 0:00:09]} b5 {[%emt 0:00:41]} 54. Kf2 {[%emt 0:03:15]} Ke5 {[%emt 0:00:37]} 55. axb5 {[%emt 0:00:27]} cxb5 {[%emt 0:00:01]} 56. Bd7 {[%emt 0:00:15]} b4 {[%emt 0:00:22]} 57. g3 {[%emt 0:00:33]} Kf6 {[%emt 0:03:53]} 58. h4 {[%emt 0:00:17]} gxh4 {[%emt 0:01:04]} 59. gxh4 {[%emt 0:00:01]} f4 {[%emt 0:00:01]} 60. Bc6 {[%emt 0:01:11]} Kf5 {[%emt 0:00:09]} 61. Ke2 {[%emt 0:00:24]} a4 {[%emt 0:03:16]} 62. Bxa4 {[%emt 0:00:03]} Kg4 {[%emt 0:00:04]} 63. Bc6 {[%emt 0:00:29]} e3 {[%emt 0:00:23]} 64. Bb5 {[%emt 0:01:00]} Kxh4 {[%emt 0:00:47]} 65. Kf3 {[%emt 0:00:03]} Kg5 {[%emt 0:00:07]} 66. Bd3 {[%emt 0:00:02]} 1-0

[Event "Saint Louis Invitational-B 2019"]
[Site "Saint Louis"]
[Date "2019.11.26"]
[Round "9.2"]
[White "Arias, Mauricio"]
[Black "Polgar-Shutzman, Tom"]
[Result "0-1"]
[WhiteElo "2292"]
[BlackElo "2234"]
[Annotator "TA"]
[PlyCount "54"]
[EventDate "2019.11.21"]
[EventType "tourn"]
[EventCountry "USA"]
[SourceTitle "playchess.com"]
[Source "ChessBase"]
[SourceQuality "1"]

{[%evp 12,54,17,2,19,0,0,0,0,-6,-5,-9,-2,0,14,-50,-51,-79,-91,-93,-91,-85,-94,-75,-100,-356,-303,-412,-412,-398,-415,-399,-399,-677,-668,-676,-672,-667,-664,-593,-454,-450,-428,-414,-423]} 1. e4 e5 2. Nf3 Nc6 3. Bb5 Nf6 4. d3 Bc5 5. c3 O-O 6. O-O d6 7. Nbd2 Ne7 {C65: Ruy Lopez: Berlin Defence (3...Nf6), unusual lines and 4 0-0 Bc5} 8. d4 exd4 9. cxd4 Bb6 {The position is equal.} 10. Re1 Bg4 11. Qc2 Bh5 12. b3 $146 ({Predecessor:} 12. b4 Bg6 13. Bd3 Nc6 14. Qc3 d5 15. e5 {½-½ (42) Kryvoruchko,Y (2705)-Heimann,A (2574) Switzerland 2018}) 12... Bg6 13. Bd3 (13. Ba3 $11) 13... Nc6 $1 $15 {[%cal Rc6b4] White must now prevent ...Nb4.} 14. d5 {[#]} Nb4 $1 {[%cal Rb4c2]} 15. Qc4 Nxd3 16. Qxd3 Ng4 $36 {[%mdl 2048] Keeping White busy.} 17. Re2 f5 {Threatens to win with ...Nxf2.} 18. Bb2 $2 {[%mdl 8192]} (18. e5 $17) 18... fxe4 19. Nxe4 {[#]} Nxf2 $1 {[%mdl 576] Decoy} 20. Rxf2 Bxf2+ 21. Kxf2 Qh4+ 22. Ke3 $2 (22. Kg1 Bxe4 23. Qd4) 22... Qf4+ $19 23. Kd4 Rae8 24. Re1 Bxe4 25. Rxe4 Rxe4+ 26. Qxe4 Qf6+ 27. Kd3 Qxb2 {[%mdl 64] Double Attack. Accuracy: White = 27%, Black = 87%.} 0-1

[Event "Saint Louis Invitational-B 2019"]
[Site "Saint Louis"]
[Date "2019.11.26"]
[Round "9.2"]
[White "Arias Santana, Mauricio"]
[Black "Polgar-Shutzman, Tom"]
[Result "0-1"]
[WhiteElo "2292"]
[BlackElo "2234"]
[Annotator "RC"]
[PlyCount "54"]
[EventDate "2019.11.21"]
[EventType "tourn"]
[EventCountry "USA"]
[SourceTitle "playchess.com"]
[Source "ChessBase"]
[SourceQuality "1"]
[TimeControl "5400+30"]

1. e4 {[%emt 0:01:57]} e5 {[%emt 0:00:00]} 2. Nf3 {[%emt 0:00:04]} Nc6 {[%emt 0:00:00]} 3. Bb5 {[%emt 0:00:06]} Nf6 {[%emt 0:00:00]} 4. d3 {[%emt 0:00:29]} Bc5 {[%emt 0:00:05]} 5. c3 {[%emt 0:00:20]} O-O {[%emt 0:00:16]} 6. O-O {[%emt 0:00:03]} d6 {[%emt 0:00:58]} 7. Nbd2 {[%emt 0:00:23]} Ne7 {[%emt 0:00:58]} 8. d4 {[%emt 0:00:34]} exd4 {[%emt 0:00:22]} 9. cxd4 {[%emt 0:00:02]} Bb6 {[%emt 0:00:10]} 10. Re1 {[%emt 0:01:50]} Bg4 {[%emt 0:01:11]} 11. Qc2 {[%emt 0:02:36]} Bh5 {[%emt 0:03:44]} 12. b3 {[%emt 0:01:10]} Bg6 {[%emt 0:02:36]} 13. Bd3 {[%emt 0:00:35]} Nc6 {[%emt 0:00:16]} 14. d5 {[%emt 0:02:37]} Nb4 {[%emt 0:01:46]} 15. Qc4 {[%emt 0:00:09]} Nxd3 {[%emt 0:00:10]} 16. Qxd3 {[%emt 0:00:02]} Ng4 {[%emt 0:06:28]} 17. Re2 {[%emt 0:07:06]} f5 {[%emt 0:05:19]} 18. Bb2 {[%emt 0:00:44]} fxe4 {[%emt 0:03:40]} 19. Nxe4 {[%emt 0:00:22]} Nxf2 {[%emt 0:00:54]} 20. Rxf2 {[%emt 0:01:55]} Bxf2+ {[%emt 0:00:21]} 21. Kxf2 {[%emt 0:00:02]} Qh4+ {[%emt 0:00:08]} 22. Ke3 {[%emt 0:01:02]} Qf4+ {[%emt 0:00:58]} 23. Kd4 {[%emt 0:00:10]} Rae8 {[%emt 0:11:51]} 24. Re1 {[%emt 0:01:37]} Bxe4 {[%emt 0:04:30]} 25. Rxe4 {[%emt 0:00:07]} Rxe4+ {[%emt 0:00:27]} 26. Qxe4 {[%emt 0:00:03]} Qf6+ {[%emt 0:00:05]} 27. Kd3 {[%emt 0:00:48]} Qxb2 {[%emt 0:00:13] Kd4} 0-1

[Event "Saint Louis Invitational-B 2019"]
[Site "Saint Louis"]
[Date "2019.11.26"]
[Round "9.3"]
[White "Grabinsky, Aaron"]
[Black "Stearman, Josiah"]
[Result "0-1"]
[WhiteElo "2338"]
[BlackElo "2341"]
[Annotator "TA"]
[PlyCount "108"]
[EventDate "2019.11.21"]
[EventType "tourn"]
[EventCountry "USA"]
[SourceTitle "playchess.com"]
[Source "ChessBase"]
[SourceQuality "1"]

{[%evp 16,108,17,14,14,18,22,29,28,23,20,26,15,6,42,30,128,129,123,120,110,100,108,68,87,61,74,76,83,30,62,50,44,52,53,17,75,76,66,62,71,72,73,68,79,75,92,93,96,85,113,100,94,80,91,0,0,0,0,0,0,0,0,-20,-18,-10,-8,-52,-52,-72,-58,-55,-77,-713,-696,-655,-616,-477,-364,-1181,-1140,-992,-1016,-1255,-1128,-1617,-1535,-29974,-29975,-29974,-29974,-29981,-29981,-29981,-29974]} 1. e4 c5 2. Nf3 Nc6 3. Bb5 g6 4. Bxc6 dxc6 5. d3 Bg7 6. h3 Nf6 7. Nc3 Nd7 8. Be3 e5 9. Qd2 h6 {B31: Sicilian: 2...Nc6 3 Bb5 g6} 10. O-O Qe7 11. Nh2 Nf8 {White has an edge.} 12. f4 exf4 13. Bxf4 Ne6 14. Bg3 $36 {[%mdl 2048] Black is under pressure.} Nd4 15. Rae1 {[#]} c4 $146 (15... Be6 $11 {keeps the balance.}) ({Predecessor:} 15... O-O 16. e5 Nf5 17. Bf2 h5 18. Nf3 b6 19. Ne4 Qe6 20. Qf4 Qxa2 21. g4 Nh6 22. Bh4 {1-0 (22) Zhao,J (2607)-Cheparinov,I (2711) China 2018}) 16. Nd5 $1 $16 {[%cal Rd5e7]} ({Don't take} 16. dxc4 $6 O-O $14) 16... cxd5 17. exd5 Be6 18. dxe6 Nxe6 19. dxc4 Rd8 20. Qa5 O-O 21. Be5 b6 22. Qc3 (22. Qb5 $16) 22... Qc5+ 23. Kh1 Bxe5 24. Rxe5 Qd4 25. Re3 (25. Qe1 $5 {[%cal Rh2g4]}) 25... Nc5 (25... Qxc3 $11 26. Rxc3 Nc5) 26. Qxd4 $1 Rxd4 27. b3 Rd2 28. Rc1 f5 29. Nf3 Rd7 30. Rce1 Ne4 31. Ne5 Rd6 32. Nd3 Re8 33. Kg1 Kf7 34. R1e2 Ree6 35. Nf2 ({White should try} 35. Kf1 $16) 35... Nc3 $11 36. Rxe6 Rxe6 37. Rxe6 Kxe6 {[%mdl 4096] Endgame KN-KN} 38. Nd3 Nxa2 39. Nf4+ Kf6 40. Nd5+ Ke5 41. Kf2 Kd4 42. Ke1 {[#]} b5 $1 {[%cal Bb6b5,Bb5c4,Bc4c3][%mdl 544]} 43. Kd2 (43. cxb5 Kxd5) 43... bxc4 44. Ne7 $2 {[%mdl 8192] [#]} (44. bxc4 $17 a5 45. Ne7) 44... c3+ $1 $19 45. Kd1 Nb4 46. Nxg6 Nd5 47. Kc1 $2 (47. Ke2 Ke4 48. Nh8) 47... Ke4 48. g3 a5 49. Nh4 Ne3 50. Ng6 Kf3 51. g4 f4 {Black mates.} 52. Ne5+ Kg3 53. g5 hxg5 54. Nf7 Kh4 {Accuracy: White = 54%, Black = 74%.} 0-1